Ekonomi Bumiputera selepas 1990

Bibliographic Details
Other Authors: Abdul Malik Ismail, Chamhuri Siwar, Mohd Yosof Kasim
Format: Book
Published: Bangi : Penerbit UKM , 1992
Subjects:

MARC

LEADER 00000cam a2200000 7i4500
001 0000004586
002 000004945
005 20080305.0
020 |a 9679422402 
090 0 0 |a 338.9595   |b EKO 
245 0 0 |a Ekonomi Bumiputera selepas 1990   |c disunting oleh Chamhuri Siwar,Mohd Yusof Kasim dan Abdul Malik Ismail 
260 |a Bangi :   |b Penerbit UKM ,   |c 1992 
300 |a 379 p. ;   |c 23 cm. 
650 0 0 |a Malaysia   |x Economic conditions   |x Congresses 
650 0 0 |a Malaysia   |x Econonic policy   |x Congresses 
700 0 |a Abdul Malik Ismail 
700 0 |a Chamhuri Siwar 
700 0 |a Mohd Yosof Kasim 
999 |a 034682   |b BUKU   |c PINJAMAN   |e PERPUSTAKAAN KOMUNITI PETALING JAYA 
999 |a 042553   |b BUKU   |c PINJAMAN   |e PERPUSTAKAAN KOMUNITI PETALING JAYA